00573nam a2200157Ia 4500008004100000041001200041100001500053245006400068260003500132300000800167650001400175700001500189942000700204999001700211952018700228221030s9999 xx 000 0 und d aEnglish aB. S. Bahl 0aEssentials of Physical Chemistrycby B. S. Bahl, G. D. Tuli bS. Chand & CoaNew Delhic1960 a450 aChemistry aG. D. Tuli cBK c15010d15010 pBE 13464g200.00l0eGifted by Mrs. Manju Hakhur2024-06-13 00:00:00w2022-10-30yBK003Print4070aMIETLIBbMIETLIBcBL-Academic Block B, FL-2, CUP-0, SH-0, R-0d2013-09-1110HBE